Skysurfing : a guide to hang gliding /

Bibliographic Details
Main Author: Paul, Eddie
Format: Book
Language:English
Published: New York : Sports Car Press, [1975]
Series:Modern aircraft series.
Subjects:

MARC

Tag First Indicator Second Indicator Subfields
LEADER 00000cam a2200000 i 4500
001 in00000480721
005 20151013060403.0
008 750402s1975 nyua 00010 eng
010 |a  74025883  
020 |a 0871120690 :  |c $3.95 
035 |a (OCoLC)01322184 
035 |9 ACC7812AM 
040 |a DLC  |c DLC  |d TXA  |d UtOrBLW 
049 |a TXAM  |c [1531949] 
050 0 0 |a GV764  |b .P38 1975 
082 0 |a 797.5/5 
100 1 |a Paul, Eddie. 
245 1 0 |a Skysurfing :  |b a guide to hang gliding /  |c Eddie Paul. 
264 1 |a New York :  |b Sports Car Press,  |c [1975] 
300 |a 120 pages :  |b illustrations ;  |c 21 cm. 
336 |a text  |b txt  |2 rdacontent 
337 |a unmediated  |b n  |2 rdamedia 
338 |a volume  |b nc  |2 rdacarrier 
490 1 |a Modern aircraft series 
650 0 |a Hang gliding. 
830 0 |a Modern aircraft series. 
999 |a MARS 
999 f f |s 401db255-cd49-3d64-aaaa-d4fac4a1e910  |i 26f5a3ac-510f-3b2e-a93a-ca3c53f27885  |t 0 
952 f f |p normal  |a Texas A&M University  |b College Station  |c Sterling C. Evans Library  |d Evans: Library Stacks  |t 0  |e GV764 .P38 1975  |h Library of Congress classification  |i unmediated -- volume  |m A14802468405 
998 f f |a GV764 .P38 1975  |t 0  |l Evans: Library Stacks